Report of the Proceedings at the Examination of Charles G. Davis, Esq., on the Charge of Aiding and Abetting in the Rescue of a Fugitive Slave : (Record no. 260679)
[ view plain ]
| 000 -LEADER | |
|---|---|
| fixed length control field | 01007cam a22002533a 4500 |
| 001 - CONTROL NUMBER | |
| control field | 31424 |
| 003 - CONTROL NUMBER IDENTIFIER | |
| control field | PGUSA |
| 005 - DATE AND TIME OF LATEST TRANSACTION | |
| control field | 20140828083659.0 |
| 008 - FIXED-LENGTH DATA ELEMENTS--GENERAL INFORMATION | |
| fixed length control field | 100227s2010||||xxu|||||s|||||000 | eng d |
| 040 ## - CATALOGING SOURCE | |
| Original cataloging agency | PGUSA |
| Language of cataloging | eng |
| 042 ## - AUTHENTICATION CODE | |
| Authentication code | dc |
| 050 #4 - LIBRARY OF CONGRESS CALL NUMBER | |
| Classification number | KF |
| 100 1# - MAIN ENTRY--PERSONAL NAME | |
| Personal name | Davis, Charles G. |
| Fuller form of name | (Charles Gideon), |
| Dates associated with a name | 1820-1903 |
| 245 10 - TITLE STATEMENT | |
| Title | Report of the Proceedings at the Examination of Charles G. Davis, Esq., on the Charge of Aiding and Abetting in the Rescue of a Fugitive Slave : |
| Remainder of title | Held in Boston, in February, 1851. |
| Medium | [electronic resource] / |
| Statement of responsibility, etc | Charles G. Davis |
| 260 ## - PUBLICATION, DISTRIBUTION, ETC. (IMPRINT) | |
| Name of publisher, distributor, etc | Project Gutenberg, |
| Date of publication, distribution, etc | 2010 |
| 506 ## - RESTRICTIONS ON ACCESS NOTE | |
| Terms governing access | Public domain in the USA. |
| 516 ## - TYPE OF COMPUTER FILE OR DATA NOTE | |
| Type of computer file or data note | Electronic text |
| 653 ## - INDEX TERM--UNCONTROLLED | |
| Uncontrolled term | Fugitive slaves -- Legal status, laws, etc. -- Massachusetts -- Boston |
| 653 ## - INDEX TERM--UNCONTROLLED | |
| Uncontrolled term | Davis, Charles G. (Charles Gideon), 1820-1903 -- Trials, litigation, etc. |
| 653 ## - INDEX TERM--UNCONTROLLED | |
| Uncontrolled term | United States. Fugitive slave law (1850) |
| 830 #0 - SERIES ADDED ENTRY--UNIFORM TITLE | |
| Uniform title | Project Gutenberg |
| Volume number/sequential designation | 31424 |
| 856 40 - ELECTRONIC LOCATION AND ACCESS | |
| Uniform Resource Identifier | <a href="http://www.gutenberg.org/ebooks/31424">http://www.gutenberg.org/ebooks/31424</a> |
| 942 ## - ADDED ENTRY ELEMENTS (KOHA) | |
| Koha item type | eBooks |
| Withdrawn status | Lost status | Damaged status | Home library | Current library | Date acquired | Total Checkouts | Date last seen | Price effective from | Koha item type |
|---|---|---|---|---|---|---|---|---|---|
| Project Gutenberg | Project Gutenberg | 08/28/2014 | 08/28/2014 | 08/28/2014 | eBooks |